|
|
|
|
| LEADER |
01105nam a2200277 a 4500 |
| 001 |
3278209 |
| 008 |
090916s1982 ctu a 001 0 eng d |
| 010 |
|
|
|a \\\82011686
|
| 020 |
|
|
|a 0313233837 (lib. bdg.)
|
| 040 |
|
|
|a DLC
|c DLC
|d DLC
|
| 082 |
0 |
0 |
|a 362.7/07
|2 19
|
| 245 |
0 |
0 |
|a Child welfare training and practice :
|b an annotated bibliography /
|c compiled by John T. Pardeck ... [et al.].
|
| 260 |
|
|
|a Westport, Conn. :
|b Greenwood Press,
|c 1982.
|
| 300 |
|
|
|a xiv, 131 p. ;
|c 25 cm.
|
| 504 |
|
|
|a Includes indexes.
|
| 541 |
1 |
|
|e 00003479
|
| 650 |
|
0 |
|a Social work with children
|x Study and teaching
|x Abstracts.
|
| 650 |
|
0 |
|a Social work education
|x Abstracts.
|
| 650 |
|
0 |
|a Child welfare
|x Abstracts.
|
| 700 |
1 |
|
|a Pardeck, John T.
|
| 700 |
1 |
|
|a Hegar, Rebecca L.
|
| 700 |
1 |
|
|a Nance, KAthy Newton.
|
| 700 |
1 |
|
|a Christy-Baker, Cynthia.
|
| 852 |
4 |
|
|a Ayesha Abed Library
|j General shelf
|
| 999 |
|
|
|c 4052
|d 4052
|
| 952 |
|
|
|0 0
|1 0
|2 ddc
|4 0
|6 362_707000000000000_CHI_1982
|7 0
|9 3733
|a BRACUL
|b BRACUL
|c GEN
|d 2009-10-03
|g 0.00
|l 0
|o 362.707 CHI
|p 3010003479
|r 2009-10-03
|t 1
|w 2009-10-03
|y BK
|x No price found in the accession register.
|